[Event "Tilburg op"]
[Site "Tilburg"]
[Date "2008.08.??"]
[Round "?"]
[White "Spoelman, Wouter"]
[Black "Kuling, Lody"]
[Result "1-0"]
[WhiteElo "2448"]
[BlackElo "2276"]
[PlyCount "53"]
[EventDate "2008.08.22"]
[EventType "swiss"]
[EventRounds "6"]
[EventCountry "NED"]
[SourceTitle "CBM 126 Extra"]
[Source "ChessBase"]
[SourceDate "2008.11.05"]
[SourceVersion "1"]
[SourceVersionDate "2008.11.05"]
[SourceQuality "1"]

1. e4 c5 2. Nf3 Nf6 3. Nc3 e6 4. d4 cxd4 5. Nxd4 Bb4 6. e5 Ne4 7. Qg4 Qa5 8. Qxg7 Bxc3+ 9. bxc3 Qxc3+ 10. Ke2 b6 11. Qxh8+ Ke7 12. Be3 Ba6+ 13. Kf3 Bb7 14. Kg4 Nc6 15. Nxc6+ Bxc6 16. Qg7 h5+ 17. Kxh5 Qxa1 18. Bd3 Qxh1 19. Bxe4 Qxh2+ 20. Kg4 Rh8 21. Bg5+ Ke8 22. Qf6 Qh5+ 23. Kf4 Qh2+ 24. Ke3 Kf8 25. Qd8+ Kg7 26. Bf6+ Kh6 27. Qxh8# 1-0

[Event "Dieren op"]
[Site "Dieren"]
[Date "2008.07.31"]
[Round "9"]
[White "Kuling, Lody"]
[Black "Monteban, Martijn"]
[Result "1/2-1/2"]
[WhiteElo "2196"]
[BlackElo "2280"]
[PlyCount "110"]
[EventDate "2008.07.22"]
[EventType "swiss"]
[EventRounds "9"]
[EventCountry "NED"]
[SourceTitle "CBM 125 Extra"]
[Source "ChessBase"]
[SourceDate "2008.09.01"]
[SourceVersion "1"]
[SourceVersionDate "2008.09.01"]
[SourceQuality "1"]

1. e4 e5 2. Nf3 Nf6 3. Nc3 Nc6 4. d4 exd4 5. Nxd4 Bb4 6. Nxc6 bxc6 7. Qd4 Qe7 8. f3 d5 9. Bg5 c5 10. Bb5+ Kf8 11. Qd3 dxe4 12. fxe4 Bxc3+ 13. bxc3 h6 14. Bxf6 Qxf6 15. Rf1 Qd6 16. Bc4 f6 17. Rb1 Ke7 18. Qd5 Be6 19. Qxe6+ Qxe6 20. Bxe6 Kxe6 21. Rf5 Rab8 22. Rb3 Kd6 23. Kf2 Rb6 24. Ra3 Rb2 25. Ra6+ Kd7 26. Rxc5 Rxc2+ 27. Kf3 Ra8 28. h4 Rb2 29. Rca5 Rc2 30. Rc5 Rb2 31. g3 Rb6 32. Rca5 Rc6 33. Rd5+ Rd6 34. Rdxd6+ cxd6 35. Kf4 Ke6 36. h5 Rc8 37. Rxa7 Rxc3 38. Rxg7 Rc4 39. Rg6 d5 40. Rxh6 Rxe4+ 41. Kf3 Ra4 42. Rh8 Kf5 43. Rg8 Ra3+ 44. Ke2 Rxa2+ 45. Kd3 Rh2 46. Kd4 Ke6 47. g4 f5 48. Rg6+ Kf7 49. gxf5 Rxh5 50. Ke5 Rh1 51. Rf6+ Ke7 52. Re6+ Kf7 53. Kxd5 Rd1+ 54. Ke4 Re1+ 55. Kf4 Rxe6 1/2-1/2

[Event "Dieren op"]
[Site "Dieren"]
[Date "2008.07.24"]
[Round "3"]
[White "Kuling, Lody"]
[Black "Roggeveen, Wouter"]
[Result "1/2-1/2"]
[WhiteElo "2196"]
[BlackElo "2009"]
[PlyCount "139"]
[EventDate "2008.07.22"]
[EventType "swiss"]
[EventRounds "9"]
[EventCountry "NED"]
[SourceTitle "CBM 125 Extra"]
[Source "ChessBase"]
[SourceDate "2008.09.01"]
[SourceVersion "1"]
[SourceVersionDate "2008.09.01"]
[SourceQuality "1"]

1. e4 e5 2. Nf3 Nf6 3. Nxe5 Nxe4 4. Qe2 Qe7 5. Qxe4 d6 6. d4 dxe5 7. dxe5 Nc6 8. Nc3 Qxe5 9. Bf4 Qxe4+ 10. Nxe4 Bf5 11. Bd3 0-0-0 12. 0-0-0 g6 13. f3 Bg7 14. Bg5 Rd5 15. Bf6 Bxf6 16. Nxf6 Ra5 17. a3 Bxd3 18. Rxd3 Rf5 19. Ne4 Rd8 20. Rhd1 Re5 21. Rxd8+ Nxd8 22. Kd2 Ne6 23. Re1 Kd8 24. g3 f5 25. Nf6 Rxe1 26. Kxe1 Nd4 27. Kf2 Nxc2 28. Nxh7 Ke7 29. g4 fxg4 30. fxg4 c5 31. Ng5 c4 32. Ne4 b5 33. h4 b4 34. axb4 Nxb4 35. Nc5 Kd6 36. Na4 Ke5 37. h5 gxh5 38. gxh5 Kf5 39. Nc5 Kg5 40. Ke3 Nd5+ 41. Kd4 c3 42. Ne4+ Kxh5 43. Nxc3 Nc7 44. Kc5 Kg6 45. Kc6 Na6 46. Kb7 Nb4 47. Kxa7 Kf6 48. Kb6 Ke5 49. Ka5 Nc2 50. Kb5 Kd4 51. Ne2+ Kd3 52. Nc1+ Kd4 53. Nb3+ Kd5 54. Na5 Ne1 55. Nc6 Kd6 56. Nb4 Nf3 57. Kc4 Ne5+ 58. Kd4 Nf3+ 59. Kc3 Kc5 60. Nc2 Ne5 61. Nd4 Nd7 62. Nc2 Ne5 63. Nd4 Nd7 64. b4+ Kb6 65. Nc2 Nb8 66. Na3 Nc6 67. b5 Na7 68. Kb2 Nxb5 69. Nxb5 Kxb5 70. Kb3 1/2-1/2